000 00504nam a2200205Ia 4500
005 20240823012436.0
008 240823s9999||||xx |||||||||||||| ||und||
020 _a0-521-54084-4
041 _aENGLISH
082 _A418 P8
100 _a"McCarthy,Michael"
245 0 _aEnglish Vocabulary in Use
250 _a1st
260 _c2003
_b"Cambridge University Press,Ne"
500 _aTRANSFERED
650 _aVocabulary
_bEnglish
700 _a" O'dell,Felicity"
942 _cBK
999 _c164412
_d164412